Les 7 merveilles du monde Antique - Statistiques

Statistiques générales
  • Ce quiz a été pris 76 fois
  • Le résultat moyen est 4 sur 7
Statistiques - réponses
Réponses Date Pays % Correct
Les Jardins suspendus de Babylone VIe siècle av. J.-C. Irak
75%
Le Colosse de Rhodes Vers 292 av. J.-C. Grèce
74%
Le Phare d'Alexandrie Entre 299 et 289 av. J.-C. Egypte
74%
Les Pyramides de Gizeh Vers 2560 av. J.-C. Egypte
62%
La Statue de Zeus à Olympie 432 av. J.-C. Grèce
40%
Le Mausolée d'Halicarnasse 353 av. J.-C. Turquie
38%
Le Temple d'Artémis à Éphèse 560 av. J.-C. Turquie
24%
Aucun quiz correspondant
Distribution des résultats
% des personnes avec chaque résultat
Percentile par nombre de réponses
Votre historique - résultats
Vous n’avez pas pris ce quiz